000 00741cam a2200253 i 4500
001 12769
003 Mx-PuUPA
005 20220504114320.0
008 140415s1989 000 0 spa d
020 _a0131418394
040 _aMx-PuUPA
_bspa
_cMx-PuUPA
_dMx-PuUPA
_erda
041 _aspa
100 1 _aSOBEL, MAX A.
245 1 0 _aALGEBRA
300 _axvi, 639 páginas :
_bgráficas ;
_c24 cm
336 _2rdacontent
_atexto
_btxt
337 _2rdamedia
_asin medio
_bn
338 _2rdacarrier
_avolumen
_bnc
650 1 7 _aALGEBRA
_xECUACIONES
_2armarc
700 1 _aAURIOLES LADRON DE GUEVARA, JUAN BOSCO
_etr.
700 1 _aLERNER, NORBERT
_ecoaut.
942 _2ddc
_cLI
_h512
_iS677
999 _c12769
_d12769